[Event "Asian Nations Cup 2016"]
[Site "Abu Dhabi UAE"]
[Date "2016.04.04"]
[Round "8.1"]
[White "Hamdan, Marshool"]
[Black "Asefi, Zaheeruddeen"]
[Result "1-0"]
[WhiteTitle "FM"]
[BlackTitle "FM"]
[WhiteElo "2003"]
[BlackElo "2020"]
[WhiteTeam "UAE - 2"]
[BlackTeam "Afghanistan"]
[WhiteFideId "9303804"]
[BlackFideId "11700025"]
[EventDate "2016.03.28"]

1. e4 c5 2. Nc3 Nc6 3. g3 e6 4. Bg2 g6 5. Nh3 Bg7 6. d3 d5 7. exd5 exd5 8. Nf4
d4 9. Ne4 Nge7 10. Nxc5 Qa5+ 11. Bd2 Qxc5 12. O-O O-O 13. c3 Bf5 14. g4 Bd7 15.
c4 a5 16. a3 a4 17. Nd5 Nxd5 18. cxd5 Ne5 19. Bb4 Qc7 20. Bxf8 Bxf8 21. h3 Bb5
22. Be4 Bd6 23. Rc1 Qe7 24. f4 Nd7 25. Qf3 Rf8 26. Kh1 Nc5 27. Rfe1 Qh4 28. f5
Nb3 29. Rcd1 Bg3 30. Re2 Qxh3+ 31. Kg1 Qh4 32. Kg2 Bd6 33. Rh1 Qg5 34. Qh3 h5
35. Qh4 Qxh4 36. Rxh4 Nc1 37. Rd2 Bf4 38. Rd1 Bg5 39. Rh2 hxg4 40. Rdh1 Kg7 41.
Rh7+ Kf6 42. fxg6 Bxd3 43. Bxd3 Nxd3 44. gxf7 Kg6 45. d6 Ne5 46. Rh8 Rxh8 47.
Rxh8 Nxf7 48. Re8 d3 49. Kf1 g3 50. Re4 b5 51. Rd4 d2 52. d7 Kf5 53. Rd3 Nd8 54.
Ke2 Kg4 55. Rd4+ Bf4 56. Rd5 Bg5 57. Rd4+ Kh3 58. Rd5 Ne6 59. Rxg5 Nxg5 60. d8=Q
Kg4 61. Qd4+ Kh3 62. Qxd2 Ne6 1-0

[Event "Asian Nations Cup 2016"]
[Site "Abu Dhabi UAE"]
[Date "2016.04.04"]
[Round "8.4"]
[White "Amini, Habibullah"]
[Black "Faisal, Ali"]
[Result "1-0"]
[WhiteElo "1995"]
[BlackElo "1827"]
[WhiteTeam "Afghanistan"]
[BlackTeam "UAE - 2"]
[WhiteFideId "11700777"]
[BlackFideId "9303758"]
[EventDate "2016.03.28"]

1. d4 Nf6 2. Nf3 e6 3. g3 b6 4. Bg2 Bb7 5. O-O c5 6. c3 Be7 7. Bg5 d6 8. Nbd2
Nbd7 9. dxc5 bxc5 10. Qc2 O-O 11. Rad1 h6 12. Bxf6 Nxf6 13. Rfe1 Qc7 14. e4 Rfd8
15. e5 dxe5 16. Nxe5 Bxg2 17. Kxg2 Rd5 18. Ndc4 Rad8 19. Nf3 Qb7 20. Ne3 Rxd1
21. Rxd1 Rxd1 22. Nxd1 Ng4 23. Qe2 Qd5 24. c4 Qb7 25. Kg1 Nf6 26. Nc3 Kf8 27.
Ne5 Bd6 28. Nd3 a6 29. Na4 Nd7 30. b3 Qc6 31. Qe3 Ke7 32. f3 Qc7 33. Kg2 f6 34.
Qe4 Kf7 35. f4 Nb6 36. Nxb6 Qxb6 37. f5 exf5 38. Qxf5 Qc6+ 39. Kg1 g6 40. Qf2
Kg7 41. Qe3 h5 42. Qe6 Qc7 43. Qe3 h4 44. Kf2 hxg3+ 45. hxg3 a5 46. g4 Qc8 47.
Kf3 Qh8 48. Nf2 Qh2 49. Qe6 Qg3+ 50. Ke2 Qe5+ 51. Qxe5 Bxe5 52. Ne4 Bd4 53. Kd3
Kh6 54. a3 Bb2 55. Nxc5 Bxa3 56. Ne6 f5 57. gxf5 gxf5 58. c5 Kg6 59. c6 Bd6 60.
c7 Bxc7 61. Nxc7 Kf7 62. Nb5 f4 63. Nd6+ Ke6 64. Nc4 Kd5 65. Nxa5 Kc5 66. Nc4
Kb4 67. Nd2 1-0

[Event "Asian Nations Cup 2016"]
[Site "Abu Dhabi UAE"]
[Date "2016.04.04"]
[Round "8.1"]
[White "Al Mashikhi, Salim Aliyan"]
[Black "Khusenkhojaev, Muhammad"]
[Result "0-1"]
[BlackTitle "IM"]
[WhiteElo "2088"]
[BlackElo "2416"]
[WhiteTeam "Oman"]
[BlackTeam "Tajikistan"]
[WhiteFideId "22000046"]
[BlackFideId "14700247"]
[EventDate "2016.03.28"]

1. c4 Nf6 2. Nc3 d5 3. cxd5 Nxd5 4. g3 g6 5. Bg2 Nxc3 6. bxc3 c5 7. Nf3 Bg7 8.
O-O O-O 9. Ba3 Qa5 10. Qc1 Nc6 11. Ne1 Bg4 12. f3 Bd7 13. Nd3 b6 14. Rb1 Rfd8
15. f4 Rac8 16. Qb2 Bg4 17. Rfe1 Bf5 18. e4 Rxd3 19. exf5 gxf5 20. Qc2 Rdd8 21.
Bc1 e6 22. Bf1 c4 23. a4 Qc5+ 24. Re3 Na5 25. Rb5 Qd6 26. d4 cxd3 27. Rxd3 Qc6
28. c4 Rxd3 29. Qxd3 Nxc4 30. Bg2 Qc7 31. Bf1 a6 32. Rb1 Qc5+ 33. Kh1 Qc6+ 34.
Bg2 Qxa4 35. g4 fxg4 36. Qg3 Qc2 0-1

[Event "Asian Nations Cup 2016"]
[Site "Abu Dhabi UAE"]
[Date "2016.04.04"]
[Round "8.4"]
[White "Antonova, Nadezhda"]
[Black "Salim, Mohammed Salim Al Amri"]
[Result "1/2-1/2"]
[WhiteTitle "WFM"]
[BlackTitle "CM"]
[WhiteElo "1956"]
[BlackElo "2038"]
[WhiteTeam "Tajikistan"]
[BlackTeam "Oman"]
[WhiteFideId "14700182"]
[BlackFideId "22000089"]
[EventDate "2016.03.28"]

1. d4 Nf6 2. Nf3 g6 3. Nbd2 d5 4. e3 Bg7 5. b4 O-O 6. Bb2 a5 7. b5 a4 8. Rc1 c6
9. bxc6 bxc6 10. c4 Nbd7 11. Be2 Ne8 12. O-O Nd6 13. Ba3 Ba6 14. cxd5 cxd5 15.
Bxd6 exd6 16. Rc6 Bb7 17. Rc2 Qa5 18. g3 Nf6 19. Rb2 Ba6 20. Bxa6 Rxa6 21. Qc2
Raa8 22. Qc6 a3 23. Rb3 Rfc8 24. Qxd6 Ra6 25. Qe7 Bf8 26. Qb7 Rc7 27. Qb8 Rc2
28. Rb7 Ra8 29. Qf4 Qa6 30. Rfb1 Qd6 31. Ne5 Ra6 32. Ndf3 Qe6 33. Nxf7 Rb2 34.
N7g5 Rxb1+ 35. Rxb1 Qf5 36. Qxf5 gxf5 37. Ne1 Ne4 38. Nxe4 fxe4 39. Kf1 Rc6 40.
Ke2 Kf7 41. f3 Bd6 42. fxe4 dxe4 43. Rb7+ Be7 44. d5 Rd6 45. Nc2 Rxd5 46. Nxa3
Ra5 47. Nc4 Rxa2+ 48. Nd2 Ke6 49. Rb5 Bf6 50. Kd1 Ra1+ 51. Kc2 Ra2+ 52. Kd1 Ra1+
53. Rb1 Ra4 54. Rc1 Kd5 55. Rc2 Be5 56. Ke2 Rb4 57. Ra2 h5 58. Nf1 Ke6 59. Kf2
h4 60. gxh4 Rb8 61. Kg2 Rh8 62. Ra6+ Kd5 63. Kh3 Kc4 64. Re6 Kd5 65. Rg6 Rf8 66.
Kg2 Rb8 67. Rg4 Rb2+ 68. Kg1 Rb1 69. Rg2 Bf6 70. h5 Ke6 71. Rg4 Kf5 72. Rf4+ Ke5
73. h4 Bg7 74. Kg2 Rb2+ 75. Rf2 Rb3 76. Kg3 Bh6 77. Kg4 Rb8 78. Rf5+ Ke6 79. Ra5
Rg8+ 80. Rg5 Rf8 81. Rg6+ Ke5 82. Rxh6 Rxf1 83. Ra6 Rg1+ 84. Kh3 Kf5 85. Rg6
Rh1+ 86. Kg3 Rg1+ 87. Kf2 Rh1 88. Rg5+ Kf6 89. Rg4 Kf5 90. Rf4+ Ke5 91. h6 Ra1
92. h7 Ra8 93. Kg3 Rh8 94. Rf7 Ke6 95. Ra7 Kf5 96. Kh3 Kg6 97. Kg4 Rf8 98. Re7
Kh6 99. Rxe4 Kxh7 100. Re5 Rf1 101. Re7+ Kh6 102. Re6+ Kh7 103. e4 Rg1+ 104. Kh5
Kg7 105. e5 Re1 106. Rg6+ Kh7 107. Rg5 Re2 108. Kg4 Re4+ 109. Kg3 Kh6 110. Rf5
Kg6 111. Rg5+ Kh6 112. Kf3 Rxh4 113. Rg2 Ra4 114. Rg4 Rxg4 115. Kxg4 Kg6 116.
Kf4 Kf7 117. Kf5 Ke7 118. e6 Ke8 119. Kf6 Kf8 1/2-1/2

[Event "Asian Nations Cup 2016"]
[Site "Abu Dhabi UAE"]
[Date "2016.04.04"]
[Round "8.1"]
[White "Shrestha, Bilam Lal"]
[Black "Snoper, Rafat"]
[Result "1-0"]
[WhiteTitle "FM"]
[WhiteElo "2026"]
[BlackElo "1890"]
[WhiteTeam "Nepal"]
[BlackTeam "Palestine"]
[WhiteFideId "12300047"]
[BlackFideId "11502150"]
[EventDate "2016.03.28"]

1. d4 d5 2. c4 e6 3. Nc3 c6 4. e3 Nd7 5. Nf3 Ngf6 6. Bd3 Bd6 7. O-O O-O 8. Re1
Bb8 9. Bd2 h6 10. Rc1 dxc4 11. Bxc4 Nb6 12. Bd3 Nbd5 13. Bb1 Ne8 14. e4 Ne7 15.
Be3 f5 16. e5 f4 17. Bd2 g5 18. Ne4 Nf5 19. Bb4 Rf7 20. h3 a5 21. Bc3 Ba7 22.
Rc2 Rg7 23. Nh2 Rg6 24. Rd2 Neg7 25. Ng4 Ne8 26. Ngf6+ Nxf6 27. Nxf6+ Rxf6 28.
exf6 Qxf6 29. d5 Qf7 30. dxe6 Bxe6 31. Rd8+ Rxd8 32. Qxd8+ Kh7 33. Bxf5+ Qxf5
34. Qxa5 Qxa5 35. Bxa5 Bxa2 36. Re7+ Kg6 37. Rxb7 Bd4 38. Bc3 Bxc3 39. bxc3 Bd5
40. Rb6 Kf5 41. g3 f3 42. Kf1 Ke4 43. Ke1 Kd3 44. Rb8 Kxc3 45. Rh8 c5 46. Rxh6
Bb3 47. Rf6 c4 48. Rxf3+ Kc2 49. Rf5 c3 50. Rxg5 Kd3 51. Rc5 c2 52. h4 Bf7 53.
g4 Be6 54. g5 Bf7 55. Rc7 Bh5 56. f4 Ke4 57. Rxc2 Kxf4 58. Rg2 Kf5 59. Kf2 Kg6
60. Ke3 Bd1 61. Rd2 Bh5 62. Kf4 Kg7 63. Rd7+ Kh8 64. Kf5 Be2 65. Kf6 Bc4 66. g6
Bg8 67. g7+ Kh7 68. Rf7 1-0

[Event "Asian Nations Cup 2016"]
[Site "Abu Dhabi UAE"]
[Date "2016.04.04"]
[Round "8.2"]
[White "Dawabsha, Taha"]
[Black "Shrestha, Rajendra Prasad"]
[Result "0-1"]
[WhiteElo "1912"]
[BlackElo "1922"]
[WhiteTeam "Palestine"]
[BlackTeam "Nepal"]
[WhiteFideId "11502100"]
[BlackFideId "12300489"]
[EventDate "2016.03.28"]

1. c4 e6 2. Nf3 Nf6 3. g3 d5 4. cxd5 exd5 5. Bg2 Be7 6. O-O O-O 7. Qb3 b6 8. Nc3
Bb7 9. d3 c5 10. Bg5 Nbd7 11. Rfd1 d4 12. Nb5 a6 13. Na3 h6 14. Bd2 Bd5 15. Qc2
Rc8 16. e3 dxe3 17. fxe3 b5 18. b3 c4 19. b4 c3 20. Be1 Bxb4 21. Nb1 Ng4 22. Bf2
Nxf2 23. Kxf2 Qf6 24. e4 Be6 25. a3 Ba5 26. d4 Bg4 27. Rd3 Rc4 28. a4 b4 29. Nd2
Rc7 30. Nb3 Bb6 31. a5 Ba7 32. Kg1 Bxf3 33. Bxf3 Ne5 34. Rf1 Nxd3 35. Qxd3 Rd8
36. Kg2 Bxd4 37. Bh5 Qd6 38. Qf3 Bf6 39. Qg4 c2 40. Qf3 Rc3 41. e5 Qxe5 42. Qb7
Qxh5 43. Qxb4 Qd5+ 44. Kh3 Qxb3 45. Qf4 Bg5 46. Qe4 Qe6+ 47. Qxe6 fxe6 48. Re1
c1=Q 49. Re4 Qf1+ 50. Kg4 Qf5+ 0-1

[Event "Asian Nations Cup 2016"]
[Site "Abu Dhabi UAE"]
[Date "2016.04.04"]
[Round "8.4"]
[White "Tamra, Attallah"]
[Black "Baidya, Arun Shankar"]
[Result "1-0"]
[WhiteTitle "CM"]
[WhiteElo "2058"]
[BlackElo "1719"]
[WhiteTeam "Palestine"]
[BlackTeam "Nepal"]
[WhiteFideId "11500255"]
[BlackFideId "12305251"]
[EventDate "2016.03.28"]

1. Nf3 d5 2. g3 Nf6 3. c4 e6 4. d4 c6 5. Bg2 Nbd7 6. Qc2 Be7 7. O-O O-O 8. Nbd2
Ng4 9. e4 dxe4 10. Nxe4 Ngf6 11. Nc3 Nb6 12. b3 Nbd7 13. Rd1 Qa5 14. Bf4 Nh5 15.
Bd2 Qc7 16. Rac1 f5 17. Bg5 Ba3 18. Rb1 f4 19. b4 a5 20. b5 fxg3 21. hxg3 Ndf6
22. bxc6 bxc6 23. Ne5 g6 24. Bxc6 Ra6 25. Nb5 Qe7 26. Nxa3 Qxa3 27. Bg2 Ra7 28.
c5 Nd5 29. Nc4 Qc3 30. Qe2 a4 31. Nd6 Nc7 32. Be7 Ba6 33. Qe5 Rfa8 34. g4 Ng7
35. Qf6 Nd5 36. Qf7+ Kh8 37. Bxd5 exd5 38. Qxd5 h6 39. Bf6 Rg8 40. Kg2 Kh7 41.
Rh1 Qd2 42. Bg5 Qxg5 43. Qxg5 h5 44. gxh5 gxh5 45. Kh2 Be2 46. Rbg1 Rf8 47. f4
Bf3 48. f5 1-0

[Event "Asian Nations Cup 2016"]
[Site "Abu Dhabi UAE"]
[Date "2016.04.04"]
[Round "8.1"]
[White "AlShourfaa, Hazaa"]
[Black "Zayed, Ali Al-hamed"]
[Result "0-1"]
[WhiteElo "1808"]
[BlackElo "1987"]
[WhiteTeam "Kuwait"]
[BlackTeam "UAE - 3"]
[WhiteFideId "10300198"]
[BlackFideId "9303340"]
[EventDate "2016.03.28"]

1. e4 c5 2. Nc3 a6 3. g3 b5 4. Bg2 Bb7 5. d3 e6 6. Nh3 d6 7. O-O Nf6 8. f4 Be7
9. Nf2 Qc7 10. a3 Nbd7 11. Bd2 b4 12. Ne2 a5 13. b3 Nb6 14. a4 d5 15. e5 Nfd7
16. c4 bxc3 17. Nxc3 O-O 18. Nb5 Qb8 19. Qe1 Nc8 20. Bxa5 Bc6 21. Bd2 Bxb5 22.
axb5 Na7 23. Qe2 Nxb5 24. Rxa8 Qxa8 25. Qg4 Nd4 26. h4 Nxb3 27. Be3 Qa4 28. Qh5
Nd4 29. g4 Ne2+ 30. Kh2 Nxf4 31. Bxf4 Qxf4+ 32. Kh3 g6 0-1

[Event "Asian Nations Cup 2016"]
[Site "Abu Dhabi UAE"]
[Date "2016.04.04"]
[Round "8.2"]
[White "Al-Zaabi, Sultan"]
[Black "Al Azmi, Khalaf"]
[Result "0-1"]
[WhiteTitle "CM"]
[WhiteElo "1817"]
[BlackElo "1842"]
[WhiteTeam "UAE - 3"]
[BlackTeam "Kuwait"]
[WhiteFideId "9307583"]
[BlackFideId "10300040"]
[EventDate "2016.03.28"]

1. d4 Nf6 2. c4 d6 3. Nc3 g6 4. e4 Bg7 5. h3 O-O 6. Bg5 Nc6 7. Nge2 Na5 8. Qd3
c5 9. O-O-O Nc6 10. dxc5 Qa5 11. Bxf6 Bxf6 12. cxd6 Nb4 13. Qb1 exd6 14. a3 Nc6
15. Nd5 Bg7 16. g4 Qc5 17. Nec3 Qxf2 18. Rd2 Bh6 19. Qd3 Nd4 20. Kd1 Bxd2 21.
Qxd2 Qf3+ 22. Ke1 Qg3+ 23. Kd1 Ne6 24. Rh2 Qe5 25. h4 Nd4 26. Rf2 Bxg4+ 27. Be2
Bxe2+ 28. Nxe2 Nxe2 29. Nf6+ Kg7 30. Kxe2 Rac8 31. h5 Rxc4 32. h6+ Kh8 33. Ke3
Rfc8 34. Qd5 Qg3+ 35. Rf3 Qe1+ 36. Kf4 Qh4+ 37. Ng4 g5+ 38. Qxg5 Rxe4+ 39. Kf5
Rc5+ 40. Kxe4 Qxg5 41. Kd4 0-1

[Event "Asian Nations Cup 2016"]
[Site "Abu Dhabi UAE"]
[Date "2016.04.04"]
[Round "8.3"]
[White "Al-Hajiri, Bader"]
[Black "Ali, Abdulaziz"]
[Result "1/2-1/2"]
[WhiteTitle "CM"]
[WhiteElo "2194"]
[BlackElo "1910"]
[WhiteTeam "Kuwait"]
[BlackTeam "UAE - 3"]
[WhiteFideId "10300163"]
[BlackFideId "9304347"]
[EventDate "2016.03.28"]

1. e4 e6 2. d4 d5 3. Nc3 dxe4 4. Nxe4 Nd7 5. Nf3 Ngf6 6. Nxf6+ Nxf6 7. c3 Be7 8.
Bd3 O-O 9. O-O b6 10. Ne5 Bb7 11. Qc2 c5 12. dxc5 bxc5 13. Bg5 h6 14. Bxf6 Bxf6
15. Rad1 Bd5 16. Bh7+ Kh8 17. Nxf7+ Rxf7 18. c4 Bxb2 19. cxd5 exd5 20. Qxb2 Kxh7
21. Qc2+ Kh8 22. Qxc5 Rd7 23. Rd4 Rc8 24. Qa3 Rc4 25. Rfd1 Rxd4 26. Rxd4 Qf6 27.
Qd3 Rc7 28. g3 Rc1+ 29. Kg2 Qc6 30. Qf5 Rc5 31. Qf8+ Kh7 32. Rg4 d4+ 33. Qf3 d3
34. Qxc6 Rxc6 35. Rd4 Rc2 36. Rxd3 Rxa2 37. h4 Kg6 38. Rd6+ Kf7 39. h5 a5 40. g4
a4 41. Kg3 a3 42. Rd3 Ra1 43. Kf3 Kf6 44. Kf4 Ke6 45. f3 Ra2 46. Re3+ Kf6 47.
Rb3 g5+ 48. hxg6 Kxg6 49. Rb6+ Kg7 50. Ra6 Ra1 51. Kf5 a2 52. Ra7+ Kf8 53. Kg6
Ke8 54. Ra3 h5 55. g5 h4 56. f4 h3 57. Re3+ Kf8 58. Re2 Rf1 59. Rxa2 Rxf4 60.
Ra8+ Ke7 61. Rh8 Rf3 62. Rh4 Kf8 63. Kh7 Rf7+ 64. Kh8 Rg7 65. Rf4+ Rf7 1/2-1/2

[Event "Asian Nations Cup 2016"]
[Site "Abu Dhabi UAE"]
[Date "2016.04.04"]
[Round "8.4"]
[White "Khalifah, Khaled"]
[Black "Alkhaldi, Bader"]
[Result "0-1"]
[WhiteTitle "CM"]
[WhiteElo "1532"]
[BlackElo "1943"]
[WhiteTeam "UAE - 3"]
[BlackTeam "Kuwait"]
[WhiteFideId "9312552"]
[BlackFideId "10300171"]
[EventDate "2016.03.28"]

1. d4 Nf6 2. Bf4 d6 3. Nf3 g6 4. e3 Bg7 5. c4 O-O 6. Nc3 c6 7. h3 Bf5 8. Qb3 Qc8
9. d5 Na6 10. Nd4 Nc5 11. Qd1 cxd5 12. Nxf5 Qxf5 13. cxd5 Nfe4 14. Rc1 Bxc3+ 15.
bxc3 e5 16. Bg3 Nxg3 17. fxg3 Ne4 18. Qf3 Qxf3 19. gxf3 Nxg3 20. Rg1 Nxf1 21.
Kxf1 Rac8 22. Ke2 Rc4 23. Kd2 Rfc8 24. Rc2 f5 25. Rb1 b6 26. Rb4 Rxb4 27. cxb4
Rxc2+ 28. Kxc2 g5 29. Kd2 Kg7 30. Ke2 Kg6 31. Kf2 Kh5 32. Kg3 f4+ 33. exf4 gxf4+
34. Kf2 b5 35. Kg2 Kg5 36. Kf2 Kf5 37. a3 e4 38. fxe4+ Kxe4 39. Ke2 f3+ 40. Kf2
Kf4 41. h4 h5 42. Kf1 Ke3 43. Ke1 f2+ 44. Kf1 Kf3 45. a4 bxa4 0-1

[Event "Asian Nations Cup 2016"]
[Site "Abu Dhabi UAE"]
[Date "2016.04.05"]
[Round "9.1"]
[White "Nguyen, Ngoc Truong Son"]
[Black "Adhiban, Baskaran"]
[Result "1/2-1/2"]
[WhiteTitle "GM"]
[BlackTitle "GM"]
[WhiteElo "2649"]
[BlackElo "2663"]
[WhiteTeam "Vietnam"]
[BlackTeam "India"]
[WhiteFideId "12401110"]
[BlackFideId "5018471"]
[EventDate "2016.03.28"]
[EventType "team"]

1. d4 d5 2. c4 e6 3. Nf3 Nf6 4. g3 Bb4+ 5. Bd2 Bd6 6. Bg2 c6 7. Qc2 Nbd7 8. O-O
O-O 9. Bg5 h6 10. Bxf6 Nxf6 11. Nbd2 b6 12. e4 Be7 13. e5 Nd7 14. cxd5 cxd5 15.
Rfc1 Nb8 16. Ne1 Bd7 17. Ndf3 Nc6 18. Nd3 Rc8 19. Qe2 Na5 20. Bf1 Bb5 21. Qd1
Qd7 22. h4 Rxc1 23. Rxc1 Rc8 24. Nf4 Bxf1 25. Qxf1 Rxc1 26. Qxc1 Qc6 27. Qxc6
Nxc6 28. Ne2 Nb4 29. Nc1 h5 30. Kf1 Kh7 1/2-1/2

[Event "Asian Nations Cup 2016"]
[Site "Abu Dhabi UAE"]
[Date "2016.04.05"]
[Round "9.2"]
[White "Sethuraman, S.P."]
[Black "Nguyen, Huynh Minh Huy"]
[Result "1-0"]
[WhiteTitle "GM"]
[BlackTitle "GM"]
[WhiteElo "2658"]
[BlackElo "2455"]
[WhiteTeam "India"]
[BlackTeam "Vietnam"]
[WhiteFideId "5021596"]
[BlackFideId "12401269"]
[EventDate "2016.03.28"]
[EventType "team"]

1. e4 c5 2. Nf3 e6 3. d4 cxd4 4. Nxd4 a6 5. Bd3 Qc7 6. O-O Nf6 7. Qe2 d6 8. c4
g6 9. Nc3 Bg7 10. Rd1 O-O 11. Nf3 Nc6 12. Bc2 Nd7 13. Bf4 Nde5 14. Rac1 Nxf3+
15. Qxf3 Ne5 16. Qg3 b6 17. b4 Bb7 18. Bb3 Rac8 19. Qe3 Ba8 20. Na4 Rb8 21. c5
dxc5 22. bxc5 b5 23. Nb6 Rfd8 24. h3 Qc6 25. Bd5 exd5 26. exd5 Qe8 27. c6 Bxc6
28. dxc6 Rxd1+ 29. Rxd1 Qxc6 30. Bxe5 Qxb6 31. Bxb8 Qxb8 32. Qe7 1-0

[Event "Asian Nations Cup 2016"]
[Site "Abu Dhabi UAE"]
[Date "2016.04.05"]
[Round "9.3"]
[White "Dao, Thien Hai"]
[Black "Vidit, Santosh Gujrathi"]
[Result "1/2-1/2"]
[WhiteTitle "GM"]
[BlackTitle "GM"]
[WhiteElo "2481"]
[BlackElo "2648"]
[WhiteTeam "Vietnam"]
[BlackTeam "India"]
[WhiteFideId "12400084"]
[BlackFideId "5029465"]
[EventDate "2016.03.28"]
[EventType "team"]

1. d4 Nf6 2. c4 g6 3. Nc3 d5 4. cxd5 Nxd5 5. e4 Nxc3 6. bxc3 Bg7 7. Nf3 c5 8.
Rb1 O-O 9. Be3 Nc6 10. Qd2 cxd4 11. cxd4 Bg4 12. d5 Bxf3 13. gxf3 Ne5 14. Be2
Qc8 15. O-O Qh3 16. Rxb7 Nxf3+ 17. Bxf3 Qxf3 18. Rxe7 Qg4+ 19. Kh1 Qf3+ 20. Kg1
Bf6 21. Rb7 Qg4+ 22. Kh1 Qf3+ 23. Kg1 Qg4+ 24. Kh1 1/2-1/2

[Event "Asian Nations Cup 2016"]
[Site "Abu Dhabi UAE"]
[Date "2016.04.05"]
[Round "9.4"]
[White "Sasikiran, Krishnan"]
[Black "Nguyen, Anh Khoi"]
[Result "1-0"]
[WhiteTitle "GM"]
[BlackTitle "FM"]
[WhiteElo "2637"]
[BlackElo "2412"]
[WhiteTeam "India"]
[BlackTeam "Vietnam"]
[WhiteFideId "5004985"]
[BlackFideId "12404675"]
[EventDate "2016.03.28"]
[EventType "team"]

1. d4 Nf6 2. Nf3 g6 3. Bg5 Bg7 4. Nbd2 d5 5. e3 O-O 6. Be2 Nbd7 7. O-O c5 8. c3
Re8 9. Qb3 Qb6 10. Rfd1 h6 11. Bh4 a6 12. Bxf6 Bxf6 13. Qxd5 Qxb2 14. Rab1 Qxc3
15. Nc4 Qc2 16. Bd3 e6 17. Qe4 Qa4 18. d5 Nf8 19. d6 Bd7 20. Bc2 Qc6 21. Qf4 Kg7
22. Nce5 g5 23. Qg4 Qc8 24. Qh5 Bxe5 25. Nxe5 f5 26. Qf7+ Kh8 27. Qf6+ Kh7 28.
Ng4 1-0

[Event "Asian Nations Cup 2016"]
[Site "Abu Dhabi UAE"]
[Date "2016.04.05"]
[Round "9.1"]
[White "Wang, Yue"]
[Black "Salem, A.R. Saleh"]
[Result "1-0"]
[WhiteTitle "GM"]
[BlackTitle "GM"]
[WhiteElo "2718"]
[BlackElo "2615"]
[WhiteTeam "China"]
[BlackTeam "UAE - 1"]
[WhiteFideId "8601429"]
[BlackFideId "9301348"]
[EventDate "2016.03.28"]
[EventType "team"]

1. Nf3 Nf6 2. c4 c5 3. Nc3 d5 4. cxd5 Nxd5 5. e4 Nb4 6. Bc4 Nd3+ 7. Ke2 Nf4+ 8.
Kf1 Ne6 9. h4 Nc6 10. d3 Ned4 11. Nb5 Nxb5 12. Bxb5 Bd7 13. Be3 e6 14. Rc1 Nb8
15. Qb3 Qb6 16. a4 Bxb5 17. Qxb5+ Nd7 18. d4 Qc6 19. h5 Be7 20. h6 g6 21. Qxc6
bxc6 22. dxc5 Rb8 23. Nd4 Rxb2 24. Nxc6 Bxc5 25. Rh3 Bxe3 26. Rxe3 Nf6 27. f3
Nh5 28. Rd3 Ng3+ 29. Ke1 O-O 30. Ne7+ Kh8 31. Rc8 Rb8 32. Rxb8 Rxb8 33. Nc6 Ra8
34. Rd7 f5 35. Ne5 1-0

[Event "Asian Nations Cup 2016"]
[Site "Abu Dhabi UAE"]
[Date "2016.04.05"]
[Round "9.2"]
[White "Saeed, Ishaq"]
[Black "Wei, Yi"]
[Result "0-1"]
[WhiteTitle "FM"]
[BlackTitle "GM"]
[WhiteElo "2286"]
[BlackElo "2714"]
[WhiteTeam "UAE - 1"]
[BlackTeam "China"]
[WhiteFideId "9301453"]
[BlackFideId "8603405"]
[EventDate "2016.03.28"]
[EventType "team"]

1. c4 g6 2. g3 Bg7 3. Bg2 c5 4. Nc3 Nc6 5. e3 Nf6 6. Nge2 O-O 7. O-O d6 8. d3 a6
9. b3 Bd7 10. Bb2 Rb8 11. Qd2 b5 12. Rad1 Qb6 13. Ba1 Rbd8 14. h3 e6 15. Nf4 Ne7
16. Kh2 Bc6 17. e4 Bb7 18. Rde1 Nd7 19. Nfe2 Qa5 20. Rd1 Nc6 21. f4 Nd4 22. g4
Rde8 23. Ng3 Qd8 24. Nce2 e5 25. f5 Qh4 26. Qe3 Nf6 27. Bf3 h5 28. g5 Nxf3+ 29.
Qxf3 Qxg5 30. Bb2 h4 31. Nh1 Qh5 32. Bc1 Bc8 33. Qf2 gxf5 34. Rg1 f4 35. Nxf4
exf4 36. Bxf4 Kh8 37. Rxg7 Kxg7 38. Rg1+ Ng4+ 39. hxg4 Qg6 40. Qb2+ Kh7 41. Nf2
bxc4 42. bxc4 Re7 43. Nd1 Rb7 44. Qf2 Rb1 45. Ne3 Rxg1 46. Qxg1 Rg8 47. Kh3 f5
48. exf5 Bxf5 49. Nxf5 Qxf5 50. gxf5 Rxg1 51. Kxh4 d5 52. cxd5 Rd1 53. d6 Rxd3
54. Be5 Rd5 55. Kg5 Rxe5 56. Kf6 Rd5 57. Ke6 Rd1 58. d7 Kg7 59. Ke7 Rxd7+ 60.
Kxd7 Kf6 61. Kc6 c4 62. Kb6 c3 63. Kxa6 c2 64. a4 c1=Q 65. a5 Qc5 0-1

[Event "Asian Nations Cup 2016"]
[Site "Abu Dhabi UAE"]
[Date "2016.04.05"]
[Round "9.3"]
[White "Lu, Shanglei"]
[Black "Khouri, Ahmed Abbas"]
[Result "1-0"]
[WhiteTitle "GM"]
[BlackTitle "FM"]
[WhiteElo "2620"]
[BlackElo "2062"]
[WhiteTeam "China"]
[BlackTeam "UAE - 1"]
[WhiteFideId "8603332"]
[BlackFideId "9301518"]
[EventDate "2016.03.28"]
[EventType "team"]

1. e4 c5 2. Nf3 e6 3. g3 Nf6 4. Nc3 Nc6 5. Bg2 d5 6. exd5 exd5 7. d4 Bg4 8. h3
Bxf3 9. Qxf3 Nxd4 10. Qd3 Be7 11. O-O O-O 12. Re1 Nc6 13. Nxd5 Nxd5 14. Qxd5
Qxd5 15. Bxd5 Bf6 16. c3 Rac8 17. Bf4 b6 18. Rad1 g5 19. Bc1 Ne7 20. Be4 Rcd8
21. Kg2 Kg7 22. a4 Ng6 23. Bf5 h6 24. Be3 Ne5 25. f4 Nc4 26. Bc1 Rfe8 27. Kf3
gxf4 28. gxf4 Bh4 29. Rg1+ Kf6 30. Bc2 Rxd1 31. Rxd1 Rg8 32. Bb3 Rg3+ 33. Ke4
Na5 34. Bd5 c4 35. Be3 Rxh3 36. Bd4+ Ke7 37. Kf5 Rh2 38. Rg1 Bf2 39. Bf6+ Kd6
40. Rd1 Be3 41. Bxc4+ Rd2 42. Be5+ Ke7 43. Rxd2 Bxd2 44. Bd5 Kd7 45. Bxf7 Nc6
46. Bg7 Ne7+ 47. Kg4 Bc1 48. b3 Bd2 49. f5 Bg5 50. f6 Nc6 51. Kf5 Bd2 52. Be6+ 1-0

[Event "Asian Nations Cup 2016"]
[Site "Abu Dhabi UAE"]
[Date "2016.04.05"]
[Round "9.4"]
[White "Mayed, AlRashedi"]
[Black "Zhou, Jianchao"]
[Result "0-1"]
[WhiteTitle "FM"]
[BlackTitle "GM"]
[WhiteElo "1977"]
[BlackElo "2612"]
[WhiteTeam "UAE - 1"]
[BlackTeam "China"]
[WhiteFideId "9303871"]
[BlackFideId "8603537"]
[EventDate "2016.03.28"]
[EventType "team"]

1. e4 d5 2. exd5 Qxd5 3. Nc3 Qd6 4. d4 Nf6 5. Bc4 a6 6. Bb3 Nc6 7. Nge2 e5 8.
dxe5 Qxd1+ 9. Nxd1 Nxe5 10. O-O Bd6 11. Ng3 O-O 12. Nc3 Re8 13. Bg5 Neg4 14.
Rfe1 Bd7 15. h3 h6 16. Bd2 Ne5 17. Nce4 Nxe4 18. Nxe4 Bf8 19. Bc3 Nc6 20. a3
Rad8 21. Ng3 Rxe1+ 22. Rxe1 Bc8 23. Re4 b5 24. Rf4 Rd1+ 25. Kh2 Nd8 26. Rd4 Rxd4
27. Bxd4 c5 28. Be3 c4 29. Ba2 Bd6 30. f4 Ne6 31. Nf5 Bf8 32. Nd4 Nxd4 33. Bxd4
Bf5 34. Bb1 Bd6 35. g3 f6 36. Kg2 Be4+ 37. Kf2 Kf7 38. Ke3 f5 39. Kd2 g5 40. Be3
gxf4 41. Bxf4 Bxf4+ 42. gxf4 Kg6 43. Ba2 Kh5 44. b3 cxb3 45. Bxb3 Kh4 46. c4
bxc4 47. Bxc4 a5 48. Ke3 Kxh3 49. Be2 Kg3 50. Bh5 Bg2 0-1